000 00858nam a22002057a 4500
999 _c17734
_d17734
003 AR-CdUCM
008 190328b ||||| |||| 00| 0 spa d
040 _aMUNICIPALIDAD PROVINCIAL DEL CUSCO
_cBIBLIOTECA MUNICIPAL DEL CUSCO
082 _a335.4 /
_bP66 L /
100 _aPlejanov, Jorge
_92201
245 _aLas cuestiones fundamentales del marxismo :
_bSeguido de la concepción materialista de la historia y de el arte y la vida social /
260 _bFrente Cultural
_aMéxico :
300 _a280 paginas ;
_c20 cm.
505 _aContenido : Las cuestiones fundamentales del marxismo --La concepción materialista de la historia --El arte y la vida social ...
650 _aMaterialismo histórico.
_94121
650 _aEconomía. Sociología.
_926260
650 _aFilosofía. Marxismo
_926261
942 _2ddc
_cLIBROS
945 _arjall
_d2019-05-09